[Event "NAYCC U12"]
[Site "Toronto CAN"]
[Date "2013.08.14"]
[Round "1"]
[White "Yie, Kevin"]
[Black "Mikhaylov, Dimitry"]
[Result "1-0"]
[WhiteElo "1578"]
[BlackElo "982"]
[PlyCount "27"]
[GameId "2160767909267255"]
[EventDate "2013.08.14"]
[EventType "swiss"]
[EventRounds "9"]
[EventCountry "CAN"]
[SourceTitle "hb 2013"]

1. d4 d5 2. Bf4 f6 3. e3 e5 4. dxe5 fxe5 5. Qh5+ g6 6. Qxe5+ Be7 7. Qxh8 Be6 8. Qe5 Bd6 9. Qxe6+ Ne7 10. Nc3 Nbc6 11. O-O-O Bc5 12. Nxd5 Qd7 13. Nf6+ Kf8 14. Bh6# 1-0

[Event "NAYCC U12"]
[Site "Toronto CAN"]
[Date "2013.08.14"]
[Round "1"]
[White "Zheng, Maven"]
[Black "Chertkow, Matthew"]
[Result "1-0"]
[WhiteElo "1060"]
[BlackElo "1046"]
[PlyCount "65"]
[GameId "2160767909267258"]
[EventDate "2013.08.14"]
[EventType "swiss"]
[EventRounds "9"]
[EventCountry "CAN"]
[SourceTitle "hb 2013"]

1. d4 Nf6 2. c4 c5 3. e3 Nc6 4. Nf3 e6 5. Bd3 d5 6. Nc3 cxd4 7. exd4 Bd6 8. Bg5 Be7 9. O-O O-O 10. Rc1 Qd6 11. Re1 h6 12. Bh4 Re8 13. a3 Ng4 14. Bg3 e5 15. h3 Nf6 16. dxe5 Qd7 17. exf6 Bxf6 18. Rxe8+ Qxe8 19. cxd5 Ne5 20. Nxe5 Bxe5 21. Bb5 Qe7 22. Qe2 f6 23. Bxe5 fxe5 24. Bc4 Bf5 25. d6+ Qe6 26. Bxe6+ Bxe6 27. Qxe5 Re8 28. Nd5 Kh7 29. Rc7 Bf7 30. Nf6+ gxf6 31. Rxf7+ Kg6 32. Qxf6+ Kh5 33. g4# 1-0

[Event "NAYCC U12"]
[Site "Toronto CAN"]
[Date "2013.08.14"]
[Round "1"]
[White "Zhou, Yuetong (Davy)"]
[Black "Li, William"]
[Result "1-0"]
[WhiteElo "2008"]
[BlackElo "1409"]
[PlyCount "127"]
[GameId "2160767909267259"]
[EventDate "2013.08.14"]
[EventType "swiss"]
[EventRounds "9"]
[EventCountry "CAN"]
[SourceTitle "hb 2013"]

1. e4 c5 2. Nc3 Nc6 3. Bb5 a6 4. Bxc6 dxc6 5. f4 Nf6 6. Nf3 e6 7. O-O g6 8. Re1 Bg7 9. f5 O-O 10. e5 Nd5 11. f6 Bh8 12. d3 Qc7 13. Qd2 Nxf6 14. exf6 Bxf6 15. Ne4 Bg7 16. Qg5 f5 17. Nf2 e5 18. Qh4 Bf6 19. Qc4+ Kh8 20. Qxc5 Re8 21. Bd2 b6 22. Qe3 c5 23. Bc3 Re6 24. Nxe5 Bd7 25. Qg3 Kg8 26. Nxd7 Qxd7 27. Bxf6 Rxf6 28. Qe5 Rff8 29. Qe6+ Qxe6 30. Rxe6 Rab8 31. Rae1 a5 32. Nh3 Rb7 33. Nf4 Rff7 34. Nd5 b5 35. Re7 Rfxe7 36. Rxe7 Rxe7 37. Nxe7+ Kf7 38. Nc8 Ke6 39. Na7 b4 40. Nb5 Kd5 41. a4 bxa3 42. Nxa3 Kd4 43. Kf2 g5 44. Nb5+ Ke5 45. g3 h5 46. Kf3 h4 47. g4 f4 48. Nc3 Kd4 49. Ne4 Kd5 50. Nxg5 Ke5 51. Ne4 Kd5 52. Kxf4 Ke6 53. Nxc5+ Kf6 54. g5+ Kg6 55. d4 Kf7 56. Kf5 Kg7 57. Ne6+ Kf7 58. g6+ Kg8 59. Kf6 Kh8 60. g7+ Kg8 61. Kg6 a4 62. Nf8 a3 63. Nh7 axb2 64. Nf6# 1-0

[Event "NAYCC U12"]
[Site "Toronto CAN"]
[Date "2013.08.14"]
[Round "1"]
[White "Zotkin, Daniel"]
[Black "Balendra, Harigaran"]
[Result "0-1"]
[WhiteElo "1974"]
[BlackElo "1317"]
[PlyCount "62"]
[GameId "2160767909267260"]
[EventDate "2013.08.14"]
[EventType "swiss"]
[EventRounds "9"]
[EventCountry "CAN"]
[SourceTitle "hb 2013"]

1. e4 c5 2. Nf3 Nc6 3. Bb5 e6 4. O-O a6 5. Bxc6 bxc6 6. c3 d5 7. d3 Bd6 8. e5 Bc7 9. Be3 Bb6 10. Qa4 Bd7 11. Qg4 Kf8 12. Qh5 Be8 13. Qh3 Ne7 14. Bg5 Qd7 15. g4 Ng6 16. Qg2 Bc7 17. d4 Rb8 18. b3 cxd4 19. cxd4 c5 20. dxc5 Nxe5 21. Nc3 Qc6 22. Na4 h5 23. Nd4 Qa8 24. h3 hxg4 25. hxg4 Nc6 26. Nf3 Ne5 27. Rfe1 Nxf3+ 28. Qxf3 Bd7 29. Rac1 Qc6 30. Bf4 d4 31. Kg2 Bxf4 0-1

[Event "NAYCC U12"]
[Site "Toronto CAN"]
[Date "2013.08.15"]
[Round "2"]
[White "Balachandran, Henushan"]
[Black "Markarov, Stefan"]
[Result "1-0"]
[WhiteElo "958"]
[BlackElo "1284"]
[PlyCount "143"]
[GameId "2160767909267261"]
[EventDate "2013.08.14"]
[EventType "swiss"]
[EventRounds "9"]
[EventCountry "CAN"]
[SourceTitle "EXT 2022"]
[Source "ChessBase"]
[SourceDate "2021.10.06"]
[SourceVersion "1"]
[SourceVersionDate "2021.10.06"]
[SourceQuality "1"]

1. e4 c5 2. c4 Nc6 3. Nc3 d6 4. g3 Nf6 5. Bg2 b6 6. e5 Bb7 7. exf6 exf6 8. Nge2 Be7 9. d4 O-O 10. dxc5 bxc5 11. Qa4 Rc8 12. Nb5 Rb8 13. O-O Na5 14. Bd2 Nc6 15. a3 Qb6 16. b4 a6 17. bxc5 dxc5 18. Nbc3 Nd4 19. Bxb7 Qxb7 20. Rab1 Qc7 21. Rxb8 Rxb8 22. Qxa6 Nf3+ 23. Kg2 Nxd2 24. Rd1 Rd8 25. Nd5 Qe5 26. Rxd2 Kf8 27. Nef4 f5 28. Re2 Qd6 29. Qxd6 Bxd6 30. a4 Ra8 31. Ra2 g5 32. Nh5 Re8 33. Nhf6 Rd8 34. Nxh7+ Kg7 35. Nxg5 Kg6 36. h4 Rd7 37. a5 Bb8 38. Kf3 f6 39. Nh3 Ba7 40. Nhf4+ Kf7 41. g4 fxg4+ 42. Kxg4 Bb8 43. h5 Kg7 44. Kf5 Rf7 45. Ne6+ Kh6 46. Nxf6 Bd6 47. f3 Be7 48. Rg2 Rxf6+ 49. Ke5 Rxf3 50. Ra2 Re3+ 51. Kd5 Rf3 52. a6 Rf5+ 53. Kc6 Rf6 54. Kd7 Bf8 55. a7 Rf7+ 56. Ke8 Rxa7 57. Rxa7 Kxh5 58. Nxf8 Kg4 59. Rf7 Kg5 60. Ng6 Kxg6 61. Ke7 Kg5 62. Ke6 Kg6 63. Rf1 Kg7 64. Rf2 Kh6 65. Rg2 Kh5 66. Kf6 Kh4 67. Rg8 Kh5 68. Rg7 Kh6 69. Rg1 Kh7 70. Rg2 Kh8 71. Kf7 Kh7 72. Rh2# 1-0

[Event "NAYCC U12"]
[Site "Toronto CAN"]
[Date "2013.08.15"]
[Round "2"]
[White "Balendra, Harigaran"]
[Black "Mercado, Carlos"]
[Result "0-1"]
[WhiteElo "1317"]
[BlackElo "1782"]
[PlyCount "110"]
[GameId "2160767909267262"]
[EventDate "2013.08.14"]
[EventType "swiss"]
[EventRounds "9"]
[EventCountry "CAN"]
[SourceTitle "EXT 2022"]
[Source "ChessBase"]
[SourceDate "2021.10.06"]
[SourceVersion "1"]
[SourceVersionDate "2021.10.06"]
[SourceQuality "1"]

1. e4 c5 2. Nf3 e6 3. d4 cxd4 4. Nxd4 Qb6 5. Nb3 Qc7 6. Nc3 a6 7. Be3 b5 8. Bd3 Nf6 9. f3 Bb7 10. Qd2 d6 11. a3 Nbd7 12. O-O Be7 13. Rac1 O-O 14. Ne2 Ne5 15. Na5 d5 16. Bf4 dxe4 17. Nxb7 exd3 18. cxd3 Qb6+ 19. Kh1 Nc6 20. Nd6 Na5 21. Qe1 Bxd6 22. Bxd6 Qxd6 23. Qxa5 Qxd3 24. Ng3 Rfd8 25. Qc7 Nd5 26. Qc5 Ne3 27. Rfe1 Nc4 28. Rb1 Rac8 29. Qg5 Qd2 30. Qh4 Ne3 31. Rg1 Qf2 32. Qg5 f6 33. Qh4 Rc4 34. Qh3 f5 35. b3 Rc2 36. Nf1 Rd1 37. Rxd1 Nxd1 38. Qh5 Rc8 39. h3 Qd4 40. Ng3 Nf2+ 41. Kh2 Qf4 42. Rf1 g6 43. Qxh7+ Kxh7 44. Rxf2 Rc3 45. Re2 e5 46. Re1 e4 47. Rf1 exf3 48. gxf3 Rxf3 49. Rxf3 Qxf3 50. a4 f4 51. Nh1 Qe2+ 52. Kg1 f3 53. Nf2 Qe1+ 54. Kh2 Qxf2+ 55. Kh1 Qg2# 0-1

[Event "NAYCC U12"]
[Site "Toronto CAN"]
[Date "2013.08.15"]
[Round "2"]
[White "Chen, Richard"]
[Black "Zhu, Jeffrey Xin Yu"]
[Result "1-0"]
[WhiteElo "1942"]
[BlackElo "1574"]
[PlyCount "59"]
[GameId "2160767909267263"]
[EventDate "2013.08.14"]
[EventType "swiss"]
[EventRounds "9"]
[EventCountry "CAN"]
[SourceTitle "EXT 2022"]
[Source "ChessBase"]
[SourceDate "2021.10.06"]
[SourceVersion "1"]
[SourceVersionDate "2021.10.06"]
[SourceQuality "1"]

1. e4 e5 2. Nf3 Nc6 3. d4 exd4 4. Nxd4 Bc5 5. Be3 Bb6 6. Bc4 Nge7 7. O-O O-O 8. Nc3 Na5 9. Bd3 c5 10. Nb3 Nxb3 11. axb3 d6 12. Bc4 a6 13. f4 Be6 14. f5 Bxc4 15. bxc4 f6 16. Bf4 Bc7 17. Nd5 Nc8 18. Rf3 Kf7 19. Rh3 Rh8 20. Qh5+ Kf8 21. Bh6 Rg8 22. Rg3 Nb6 23. Nf4 Ke7 24. Bxg7 d5 25. Qxh7 dxc4 26. Bf8+ Ke8 27. Rxg8 Qd4+ 28. Kh1 Qd1+ 29. Rxd1 Nd7 30. Qxd7# 1-0

[Event "NAYCC U12"]
[Site "Toronto CAN"]
[Date "2013.08.15"]
[Round "2"]
[White "Corvera Choi, Malik"]
[Black "Frutos, Chase"]
[Result "0-1"]
[WhiteElo "1539"]
[BlackElo "1942"]
[PlyCount "62"]
[GameId "2160767909267264"]
[EventDate "2013.08.14"]
[EventType "swiss"]
[EventRounds "9"]
[EventCountry "CAN"]
[SourceTitle "EXT 2022"]
[Source "ChessBase"]
[SourceDate "2021.10.06"]
[SourceVersion "1"]
[SourceVersionDate "2021.10.06"]
[SourceQuality "1"]

1. c4 Nf6 2. Nc3 e5 3. Nf3 Nc6 4. g3 Bc5 5. Bg2 d6 6. O-O O-O 7. d3 h6 8. a3 a5 9. Rb1 Re8 10. Qc2 Re7 11. Bd2 Nd4 12. Nxd4 exd4 13. Na4 Nd7 14. Nxc5 dxc5 15. Rfe1 Ra6 16. b4 axb4 17. axb4 Rae6 18. Qd1 Qe8 19. e4 Ne5 20. Bf4 Ng6 21. Bc1 cxb4 22. Rxb4 c5 23. Rb1 Ra6 24. f4 Bd7 25. Rxb7 Ba4 26. Rxe7 Qxe7 27. Qe2 Bb3 28. Qg4 Ra2 29. Qc8+ Kh7 30. f5 Ne5 31. Bf1 Nf3+ 0-1

[Event "NAYCC U12"]
[Site "Toronto CAN"]
[Date "2013.08.15"]
[Round "2"]
[White "D'Alonzo, Jonathan"]
[Black "Sun, Andy"]
[Result "1/2-1/2"]
[WhiteElo "1431"]
[BlackElo "1082"]
[PlyCount "60"]
[GameId "2160767909267265"]
[EventDate "2013.08.14"]
[EventType "swiss"]
[EventRounds "9"]
[EventCountry "CAN"]
[SourceTitle "EXT 2022"]
[Source "ChessBase"]
[SourceDate "2021.10.06"]
[SourceVersion "1"]
[SourceVersionDate "2021.10.06"]
[SourceQuality "1"]

1. e4 e5 2. Nf3 Nc6 3. Bc4 Bc5 4. d3 d6 5. Nc3 Bg4 6. h3 Bh5 7. g4 Bg6 8. Be3 Bb6 9. Qe2 h6 10. Nd2 Nf6 11. Nd5 Nd4 12. Bxd4 Bxd4 13. c3 Bc5 14. Nb3 Nxd5 15. Bxd5 c6 16. Nxc5 cxd5 17. Nb3 dxe4 18. dxe4 O-O 19. Rd1 Qb6 20. h4 Rad8 21. h5 Bh7 22. f3 d5 23. exd5 f5 24. c4 Qb4+ 25. Rd2 e4 26. fxe4 fxe4 27. Rf1 e3 28. Rxf8+ Kxf8 29. Qf3+ Kg8 30. Qxe3 Qxc4 1/2-1/2

[Event "NAYCC U12"]
[Site "Toronto CAN"]
[Date "2013.08.15"]
[Round "2"]
[White "Hemmat, Alexander"]
[Black "Zhou, Yuetong (Davy)"]
[Result "0-1"]
[WhiteElo "1688"]
[BlackElo "2008"]
[PlyCount "112"]
[GameId "2160767909267266"]
[EventDate "2013.08.14"]
[EventType "swiss"]
[EventRounds "9"]
[EventCountry "CAN"]

1. d4 Nf6 2. c4 g6 3. Nc3 d5 4. e3 Bg7 5. Nf3 O-O 6. Be2 c5 7. dxc5 Qa5 8. cxd5 Nxd5 9. Qxd5 Bxc3+ 10. bxc3 Qxc3+ 11. Bd2 Qxa1+ 12. Bd1 Nc6 13. O-O Be6 14. Qd3 Qxa2 15. Qc3 Rfd8 16. Bc2 Qc4 17. Qxc4 Bxc4 18. Rb1 Rab8 19. Bc3 Bd3 20. Bxd3 Rxd3 21. Bd4 Nxd4 22. exd4 f6 23. Kf1 Kf7 24. Ke2 Ra3 25. c6 b6 26. d5 Ra5 27. Rd1 Rd8 28. Nd4 Raxd5 29. Ke3 Rxd4 30. Rxd4 Rxd4 31. Kxd4 Ke6 32. Kc4 Kd6 33. Kb5 e5 34. f3 f5 35. g3 e4 36. fxe4 fxe4 37. Kc4 Kxc6 38. Kd4 e3 39. Kxe3 Kd5 40. Kd3 a5 41. Kc3 b5 42. h3 b4+ 43. Kb3 Kc5 44. g4 Kb5 45. h4 a4+ 46. Kb2 Kc4 47. h5 gxh5 48. gxh5 Kd3 49. Kb1 Kc3 50. h6 b3 51. Kc1 a3 52. Kb1 b2 53. Ka2 Kc2 54. Kxa3 b1=Q 55. Ka4 Qb6 56. Ka3 Qa5# 0-1

[Event "NAYCC U12"]
[Site "Toronto CAN"]
[Date "2013.08.15"]
[Round "2"]
[White "Hou, Frank Gui"]
[Black "Zotkin, Daniel"]
[Result "0-1"]
[WhiteElo "987"]
[BlackElo "1974"]
[PlyCount "100"]
[GameId "2160767909267267"]
[EventDate "2013.08.14"]
[EventType "swiss"]
[EventRounds "9"]
[EventCountry "CAN"]
[SourceTitle "EXT 2022"]
[Source "ChessBase"]
[SourceDate "2021.10.06"]
[SourceVersion "1"]
[SourceVersionDate "2021.10.06"]
[SourceQuality "1"]

1. e4 c5 2. Nf3 Nc6 3. d4 cxd4 4. Nxd4 e5 5. Nf3 Nf6 6. Nc3 Bb4 7. Bg5 d6 8. Qd3 Bxc3+ 9. Qxc3 Nxe4 10. Qxc6+ bxc6 11. Bxd8 Kxd8 12. Bd3 Nc5 13. Bc4 Ke7 14. O-O-O Bg4 15. Rde1 Bxf3 16. gxf3 f6 17. f4 d5 18. Bf1 e4 19. f3 f5 20. Rg1 g6 21. h4 Ne6 22. fxe4 fxe4 23. c4 Nxf4 24. cxd5 cxd5 25. Rd1 Rad8 26. Rg3 Kf6 27. Bg2 Ne2+ 28. Kb1 Nxg3 29. Rd2 e3 30. Rd1 d4 31. Kc2 d3+ 32. Kc3 e2 33. Bf3 exd1=Q 34. Bxd1 Ne4+ 35. Kb3 Nf2 36. Bc2 dxc2 37. Kxc2 Rd3 38. b3 Rc8+ 39. Kb2 Rd2+ 40. Ka3 Rcc2 41. Kb4 Rxa2 42. h5 a5+ 43. Kb5 Rab2 44. Kc4 Rdc2+ 45. Kb5 Rxb3+ 46. Ka6 a4 47. Ka5 a3 48. Ka4 Rcb2 49. Ka5 a2 50. Ka4 a1=Q# 0-1

[Event "NAYCC U12"]
[Site "Toronto CAN"]
[Date "2013.08.15"]
[Round "2"]
[White "Johnson-Constantin, Mathieu"]
[Black "Doknjas, Joshua"]
[Result "1-0"]
[WhiteElo "1523"]
[BlackElo "1856"]
[PlyCount "59"]
[GameId "2160767909267268"]
[EventDate "2013.08.14"]
[EventType "swiss"]
[EventRounds "9"]
[EventCountry "CAN"]
[SourceTitle "EXT 2022"]
[Source "ChessBase"]
[SourceDate "2021.10.06"]
[SourceVersion "1"]
[SourceVersionDate "2021.10.06"]
[SourceQuality "1"]

1. e4 c5 2. Nf3 d6 3. d4 cxd4 4. Nxd4 Nf6 5. Nc3 a6 6. Be2 e5 7. Nb3 Be7 8. O-O O-O 9. Be3 Be6 10. f3 Nc6 11. Nd5 b5 12. a4 Bxd5 13. exd5 Nb4 14. axb5 Nbxd5 15. Bf2 axb5 16. Bxb5 Rxa1 17. Qxa1 Qc7 18. c4 Nf4 19. Qa6 Rb8 20. Na5 e4 21. Nc6 exf3 22. Re1 Ne2+ 23. Kf1 fxg2+ 24. Kxe2 Re8 25. Kd1 g6 26. Bb6 Qd7 27. Nxe7+ Qxe7 28. Rxe7 Rxe7 29. Qa8+ Kg7 30. Qxg2 1-0

[Event "NAYCC U12"]
[Site "Toronto CAN"]
[Date "2013.08.15"]
[Round "2"]
[White "Kelly, Joey M"]
[Black "Fan, Run Kun"]
[Result "1-0"]
[WhiteElo "1936"]
[BlackElo "1568"]
[PlyCount "109"]
[GameId "2160767909267269"]
[EventDate "2013.08.14"]
[EventType "swiss"]
[EventRounds "9"]
[EventCountry "CAN"]
[SourceTitle "EXT 2022"]
[Source "ChessBase"]
[SourceDate "2021.10.06"]
[SourceVersion "1"]
[SourceVersionDate "2021.10.06"]
[SourceQuality "1"]

1. d4 d5 2. c4 e6 3. Nc3 Nf6 4. Bg5 Nbd7 5. Nf3 Be7 6. e3 O-O 7. Bd3 b6 8. O-O Bb7 9. cxd5 exd5 10. Rc1 c5 11. Bb1 Ne4 12. Bf4 Ndf6 13. Qb3 c4 14. Qd1 a6 15. Nxe4 Nxe4 16. Bxe4 dxe4 17. Nd2 b5 18. b3 cxb3 19. Nxb3 Rc8 20. Qd2 Bd5 21. Rxc8 Qxc8 22. Rc1 Qe6 23. Nc5 Bxc5 24. Rxc5 Rc8 25. Qa5 h6 26. a3 Bc4 27. Re5 Qd7 28. h3 Bd3 29. Qxa6 b4 30. Qa5 b3 31. Qb4 Bc2 32. Rb5 Qe6 33. d5 Qf6 34. d6 Rd8 35. a4 b2 36. Qxb2 Qxb2 37. Rxb2 Bxa4 38. Kf1 Kf8 39. Ke2 Ke8 40. Rb7 Rd7 41. Rb6 f6 42. Kd2 Kf7 43. Kc3 Ke6 44. Kd4 Bc2 45. Rc6 Bd3 46. g4 g5 47. Bg3 f5 48. gxf5+ Kxf5 49. f3 Ke6 50. fxe4 Bf1 51. Rc8 Bxh3 52. Rh8 Kf7 53. Rxh6 Be6 54. e5 g4 55. Rf6+ 1-0

[Event "NAYCC U12"]
[Site "Toronto CAN"]
[Date "2013.08.15"]
[Round "2"]
[White "Kishkimbayev, Alisher"]
[Black "Wan, Kevin"]
[Result "0-1"]
[WhiteElo "1201"]
[BlackElo "2133"]
[PlyCount "110"]
[GameId "2160767909267270"]
[EventDate "2013.08.14"]
[EventType "swiss"]
[EventRounds "9"]
[EventCountry "CAN"]
[SourceTitle "EXT 2022"]
[Source "ChessBase"]
[SourceDate "2021.10.06"]
[SourceVersion "1"]
[SourceVersionDate "2021.10.06"]
[SourceQuality "1"]

1. d4 d5 2. c4 e6 3. Nc3 Nf6 4. Bg5 Be7 5. Nf3 Nbd7 6. e3 c6 7. cxd5 exd5 8. Bd3 O-O 9. O-O Re8 10. Qc2 h6 11. Bf4 Nf8 12. Ne5 Bd6 13. Bg3 Nh5 14. Bf4 g5 15. Bg3 Nxg3 16. fxg3 Bxe5 17. dxe5 Rxe5 18. Rae1 Bg4 19. Bf5 Bxf5 20. Rxf5 Qe7 21. Qd3 Re8 22. Kf2 Nd7 23. Rxe5 Qxe5 24. Qd4 Qf6+ 25. Qxf6 Nxf6 26. Kf3 Ne4 27. Nxe4 Rxe4 28. a3 Kg7 29. Rd1 Kf6 30. Rd4 Ke5 31. Rxe4+ dxe4+ 32. Kg4 Kf6 33. h4 Kg6 34. Kh3 f5 35. g4 c5 36. g3 fxg4+ 37. Kxg4 h5+ 38. Kh3 Kf5 39. a4 b6 40. g4+ hxg4+ 41. Kg3 gxh4+ 42. Kxh4 c4 43. Kg3 a6 44. Kf2 b5 45. a5 b4 46. Kg3 c3 47. bxc3 bxc3 48. Kf2 c2 49. Kg3 c1=Q 50. Kf2 Qd2+ 51. Kg3 Qxe3+ 52. Kh2 Qf2+ 53. Kh1 Qc2 54. Kg1 g3 55. Kh1 Qh2# 0-1

[Event "NAYCC U12"]
[Site "Toronto CAN"]
[Date "2013.08.15"]
[Round "2"]
[White "Li, Ben"]
[Black "Solano, Carlos"]
[Result "1-0"]
[WhiteElo "2037"]
[BlackElo "1771"]
[PlyCount "75"]
[GameId "2160767909267271"]
[EventDate "2013.08.14"]
[EventType "swiss"]
[EventRounds "9"]
[EventCountry "CAN"]
[SourceTitle "EXT 2022"]
[Source "ChessBase"]
[SourceDate "2021.10.06"]
[SourceVersion "1"]
[SourceVersionDate "2021.10.06"]
[SourceQuality "1"]

1. d4 d5 2. Nf3 Nf6 3. c4 c6 4. Nc3 dxc4 5. a4 Bf5 6. e3 e6 7. Bxc4 Bb4 8. O-O Nbd7 9. Qe2 Bg6 10. Rd1 O-O 11. Bd2 Qa5 12. Rac1 Nd5 13. e4 Nxc3 14. bxc3 Be7 15. Bb3 Nf6 16. Bc2 Qc7 17. h3 c5 18. Ne5 b6 19. Bd3 Rfd8 20. Nxg6 hxg6 21. Be3 e5 22. d5 Bd6 23. c4 Nd7 24. g4 Nf8 25. Kg2 f6 26. h4 Kf7 27. g5 Nd7 28. h5 Nf8 29. h6 gxh6 30. gxf6 h5 31. Rf1 Nh7 32. Qd2 Rg8 33. f4 exf4 34. Rxf4 Bxf4 35. Bxf4 Qd7 36. e5 Nf8 37. Be2 Rd8 38. Re1 1-0

[Event "NAYCC U12"]
[Site "Toronto CAN"]
[Date "2013.08.15"]
[Round "2"]
[White "Li, William"]
[Black "Minzak, Michael"]
[Result "1-0"]
[WhiteElo "1409"]
[BlackElo "1051"]
[PlyCount "65"]
[GameId "2160767909267272"]
[EventDate "2013.08.14"]
[EventType "swiss"]
[EventRounds "9"]
[EventCountry "CAN"]
[SourceTitle "EXT 2022"]
[Source "ChessBase"]
[SourceDate "2021.10.06"]
[SourceVersion "1"]
[SourceVersionDate "2021.10.06"]
[SourceQuality "1"]

1. e4 e5 2. Nf3 Nc6 3. Bc4 Bc5 4. c3 Nf6 5. d4 exd4 6. cxd4 Bb4+ 7. Bd2 Nxe4 8. Bxb4 Nxb4 9. Bxf7+ Kxf7 10. Qb3+ d5 11. Ne5+ Ke8 12. Qxb4 c5 13. Qa4+ Bd7 14. Nxd7 Qxd7 15. Qxd7+ Kxd7 16. dxc5 Nxc5 17. O-O Rae8 18. Nc3 Kc6 19. Rfd1 Rd8 20. Rac1 Rhe8 21. Na4 b6 22. b4 Kb5 23. Nxc5 bxc5 24. bxc5 Re7 25. Rd2 Rde8 26. f3 Rd7 27. c6 Rd6 28. Rb2+ Ka5 29. c7 Rc8 30. Rb8 Rxc7 31. Rxc7 Ka6 32. Rc3 d4 33. Ra3# 1-0

[Event "NAYCC U12"]
[Site "Toronto CAN"]
[Date "2013.08.15"]
[Round "2"]
[White "Liang, Hairan"]
[Black "Chertkow, Matthew"]
[Result "1-0"]
[WhiteElo "1073"]
[BlackElo "1046"]
[PlyCount "131"]
[GameId "2160767909267273"]
[EventDate "2013.08.14"]
[EventType "swiss"]
[EventRounds "9"]
[EventCountry "CAN"]
[SourceTitle "EXT 2022"]
[Source "ChessBase"]
[SourceDate "2021.10.06"]
[SourceVersion "1"]
[SourceVersionDate "2021.10.06"]
[SourceQuality "1"]

1. e4 e5 2. Nf3 Nc6 3. d4 exd4 4. Bc4 d6 5. Nxd4 Nxd4 6. Qxd4 Nf6 7. Nc3 Be7 8. O-O c6 9. b3 Bd7 10. Re1 b5 11. Bf1 O-O 12. Bb2 Rb8 13. a3 c5 14. Qd2 a5 15. Rab1 Bc6 16. Nd5 Bxd5 17. exd5 b4 18. a4 Qd7 19. Bb5 Qb7 20. Bc6 Qc7 21. Re3 h6 22. Rg3 g5 23. Bxf6 Bxf6 24. Qd3 Kg7 25. Qe4 Qe7 26. Re1 Qxe4 27. Rxe4 Be5 28. f4 Bd4+ 29. Kf1 f6 30. Re7+ Rf7 31. Rxf7+ Kxf7 32. fxg5 fxg5 33. Rf3+ Kg7 34. Ke2 Rf8 35. Rxf8 Kxf8 36. g4 Kf7 37. Kf3 Kf6 38. Ke4 Kg6 39. h3 Kf6 40. Bd7 Kg6 41. Be6 Kf6 42. Bd7 Be5 43. Kd3 Ke7 44. Bf5 Kd8 45. Kc4 Kc7 46. Kb5 Kb7 47. Kxa5 Bf6 48. Kb5 Bd8 49. a5 Bxa5 50. Kxa5 Kc7 51. Ka6 Kd8 52. Kb7 Ke8 53. Kc6 Ke7 54. Be6 Kd8 55. Kxd6 Ke8 56. Kc7 Ke7 57. d6+ Kxe6 58. d7 Ke7 59. d8=Q+ Kf7 60. Qd6 Kg7 61. Kd7 Kf7 62. Qe6+ Kf8 63. Qe7+ Kg8 64. Ke6 Kh8 65. Kf6 Kg8 66. Qg7# 1-0

[Event "NAYCC U12"]
[Site "Toronto CAN"]
[Date "2013.08.15"]
[Round "2"]
[White "Liu, Ryan"]
[Black "Sun, Benjamin"]
[Result "1/2-1/2"]
[WhiteElo "1090"]
[BlackElo "1414"]
[PlyCount "47"]
[GameId "2160767909267274"]
[EventDate "2013.08.14"]
[EventType "swiss"]
[EventRounds "9"]
[EventCountry "CAN"]
[SourceTitle "EXT 2022"]
[Source "ChessBase"]
[SourceDate "2021.10.06"]
[SourceVersion "1"]
[SourceVersionDate "2021.10.06"]
[SourceQuality "1"]

1. d4 Nf6 2. Nf3 g6 3. e3 Bg7 4. Bd3 d6 5. Nbd2 O-O 6. O-O Nbd7 7. c3 e5 8. Qc2 b6 9. dxe5 Nxe5 10. Nxe5 dxe5 11. Nf3 Qe7 12. e4 Bb7 13. Bg5 h6 14. Bh4 g5 15. Bg3 Nh5 16. Rad1 Nxg3 17. fxg3 Rad8 18. a3 Qc5+ 19. Kh1 Kh8 20. b4 Qe7 21. Bc4 Rd6 22. h4 g4 23. Rxd6 cxd6 24. Nd2 1/2-1/2

[Event "NAYCC U12"]
[Site "Toronto CAN"]
[Date "2013.08.15"]
[Round "2"]
[White "Luo, Ricky"]
[Black "Kobla, Vishal"]
[Result "0-1"]
[WhiteElo "1023"]
[BlackElo "1752"]
[PlyCount "71"]
[GameId "2160767909267275"]
[EventDate "2013.08.14"]
[EventType "swiss"]
[EventRounds "9"]
[EventCountry "CAN"]
[SourceTitle "EXT 2022"]
[Source "ChessBase"]
[SourceDate "2021.10.06"]
[SourceVersion "1"]
[SourceVersionDate "2021.10.06"]
[SourceQuality "1"]

1. d4 Nf6 2. c4 g6 3. Nc3 d5 4. e3 Bg7 5. Nf3 O-O 6. Be2 c6 7. O-O Nbd7 8. b4 dxc4 9. a4 Nd5 10. Nxd5 cxd5 11. Bb2 Nf6 12. Nd2 Bf5 13. f3 Qd6 14. g4 Bd7 15. b5 Rac8 16. g5 Ne8 17. Ba3 Qe6 18. e4 Bxd4+ 19. Kh1 Bxa1 20. Qxa1 Nd6 21. Qc3 Rfd8 22. Bb2 f6 23. gxf6 exf6 24. exd5 Qe5 25. Qxe5 fxe5 26. Bxe5 Bh3 27. Rc1 Nf7 28. Bf6 Rxd5 29. Nxc4 Rdc5 30. Kg1 Be6 31. Be7 R5c7 32. a5 Bxc4 33. Bxc4 Rxc4 34. Rxc4 Rxc4 35. b6 axb6 36. axb6 0-1

[Event "NAYCC U12"]
[Site "Toronto CAN"]
[Date "2013.08.15"]
[Round "2"]
[White "Mihailov, Dmitrii"]
[Black "Ju, Terrence"]
[Result "1/2-1/2"]
[WhiteElo "982"]
[BlackElo "1388"]
[PlyCount "51"]
[GameId "2160767909267276"]
[EventDate "2013.08.14"]
[EventType "swiss"]
[EventRounds "9"]
[EventCountry "CAN"]
[SourceTitle "EXT 2022"]
[Source "ChessBase"]
[SourceDate "2021.10.06"]
[SourceVersion "1"]
[SourceVersionDate "2021.10.06"]
[SourceQuality "1"]

1. e4 c5 2. Nf3 Nc6 3. Bc4 g6 4. d4 cxd4 5. Nxd4 Nf6 6. Nc3 Bg7 7. Nf3 d6 8. Bb5 O-O 9. Bg5 Bg4 10. h3 Bxf3 11. Qxf3 Nd4 12. Qd3 Nd7 13. Bxd7 Qxd7 14. O-O Rac8 15. Nd5 f6 16. Be3 Nxc2 17. Rac1 Nxe3 18. Nxe3 Bh6 19. f4 b5 20. Ng4 Bg7 21. f5 gxf5 22. exf5 d5 23. Rcd1 Rfd8 24. Qb3 a6 25. Ne3 Qa7 26. Kh1 1/2-1/2

[Event "NAYCC U12"]
[Site "Toronto CAN"]
[Date "2013.08.15"]
[Round "2"]
[White "Pierre, Dashwood"]
[Black "Deng, Yi"]
[Result "0-1"]
[WhiteElo "886"]
[BlackElo "1244"]
[PlyCount "82"]
[GameId "2160767909267278"]
[EventDate "2013.08.14"]
[EventType "swiss"]
[EventRounds "9"]
[EventCountry "CAN"]
[SourceTitle "EXT 2022"]
[Source "ChessBase"]
[SourceDate "2021.10.06"]
[SourceVersion "1"]
[SourceVersionDate "2021.10.06"]
[SourceQuality "1"]

1. e4 c5 2. Bc4 Nc6 3. d3 d6 4. Qh5 g6 5. Qf3 Nf6 6. Qd1 e5 7. Nc3 Be6 8. Bxe6 fxe6 9. Nf3 Nd4 10. Nxd4 exd4 11. Ne2 e5 12. Bg5 Be7 13. Bxf6 Bxf6 14. O-O h5 15. c4 h4 16. Qa4+ Ke7 17. h3 g5 18. Nc1 Qc8 19. g4 hxg3 20. fxg3 Qxh3 21. Kf2 Qh2+ 22. Ke1 Qxg3+ 23. Kd1 Rh2 24. Re1 Qf3+ 25. Ne2 Qxd3+ 26. Kc1 Rxe2 27. Rxe2 Qxe2 28. Qb3 Qe3+ 29. Qxe3 dxe3 30. Kd1 g4 31. Ke2 Bg5 32. Rg1 Rf8 33. Rxg4 Rf2+ 34. Ke1 Bh6 35. Rg1 Rxb2 36. a4 Rb1+ 37. Ke2 Rxg1 38. a5 Rg2+ 39. Kd3 e2 40. a6 e1=Q 41. axb7 Qg3# 0-1